00517nam a2200193Ia 4500008004100000041001200041082001200053100002800065245004600093260002900139300000800168365000700176520001200183546001200195630004600207650001200253655001200265730004600277101110s9999 xx 000 0 und d aMARATHI bSR27380 aBhamare Jitendra Suresh aJagachya itihasatil mahatvache tappe FYBA c2005bSheth Pub., Mumbai a159 b65 aHistory aMARATHI aJagachya itihasatil mahatvache tappe FYBA aHistory aHistory aJagachya itihasatil mahatvache tappe FYBA